000 00434nam a2200157Ia 4500
008 220204s9999 xx 000 0 und d
082 _aNR:62:678.01
_bBLO;1
100 _aBlow, Steven
245 0 _aTesting and identification of rubber
260 _aNew Delhi
_bGalgotia Publications
_c1998
650 _aElastomeric seals
650 _aRubber products storage
650 _aTensile stress test
650 _aV-Belt
942 _cREF
999 _c41460
_d41460